[Event "Ruhrgebiet Bezirksliga 17/18"]
[Site "Ruhrgebiet"]
[Date "2018.03.11"]
[Round "8.6"]
[White "Scheibe, Andreas"]
[Black "Grasse, Herbert"]
[Result "1-0"]
[WhiteElo "1783"]
[BlackElo "1664"]
[PlyCount "67"]
[EventDate "2017.09.03"]
[EventType "team-tourn"]
[EventRounds "9"]
[EventCountry "GER"]
[SourceTitle "EXT 2022"]
[Source "ChessBase"]
[SourceDate "2021.10.06"]
[SourceVersion "1"]
[SourceVersionDate "2021.10.06"]
[SourceQuality "1"]
[WhiteTeam "Werl Wickede SG"]
[BlackTeam "Kamen SV III"]
[WhiteTeamCountry "GER"]
[BlackTeamCountry "GER"]

1. Nf3 c5 2. c4 e6 3. g3 d5 4. Bg2 d4 5. d3 Nc6 6. a3 a5 7. Bf4 Bd6 8. Bxd6 Qxd6 9. Nbd2 f5 10. Rb1 Nf6 11. 0-0 0-0 12. Re1 Rd8 13. Qc2 e5 14. Rbd1 h6 15. Nf1 f4 16. N3d2 Bf5 17. Ne4 Nxe4 18. dxe4 Bg4 19. Rd3 Qe6 20. Rb3 Rab8 21. Rd1 d3 22. Rbxd3 Nd4 23. Qd2 Bxe2 24. Rxd4 Rxd4 25. Qxe2 Rxd1 26. Qxd1 Qxc4 27. Qd5+ Qxd5 28. exd5 b5 29. Nd2 c4 30. d6 Rd8 31. Bd5+ Kf8 32. Ne4 Rb8 33. Nc5 Rb6 34. Nd7+ 1-0

[Event "Ruhrgebiet Bezirksliga 17/18"]
[Site "Ruhrgebiet"]
[Date "2018.02.18"]
[Round "7.6"]
[White "Grasse, Herbert"]
[Black "Eichhorn, Robin"]
[Result "0-1"]
[WhiteElo "1664"]
[BlackElo "1775"]
[PlyCount "70"]
[EventDate "2017.09.03"]
[EventType "team-tourn"]
[EventRounds "9"]
[EventCountry "GER"]
[SourceTitle "EXT 2022"]
[Source "ChessBase"]
[SourceDate "2021.10.06"]
[SourceVersion "1"]
[SourceVersionDate "2021.10.06"]
[SourceQuality "1"]
[WhiteTeam "Kamen SV III"]
[BlackTeam "Unna SV"]
[WhiteTeamCountry "GER"]
[BlackTeamCountry "GER"]

1. Nf3 Nf6 2. g3 d6 3. d3 g6 4. e4 Bg7 5. Bg2 c5 6. 0-0 Nc6 7. c3 Bd7 8. Bg5 h6 9. Bd2 c4 10. Qc2 cxd3 11. Qxd3 Qb6 12. Qc2 Rc8 13. Be3 Qc7 14. a3 Ng4 15. Bc1 b5 16. Qe2 a5 17. h3 Nge5 18. Nxe5 Nxe5 19. f4 Nc4 20. Kh2 a4 21. Nd2 0-0 22. Nxc4 Qxc4 23. Qf2 Bc6 24. Re1 e6 25. Bf1 Qb3 26. f5 exf5 27. exf5 Rfe8 28. Bf4 g5 29. Bxd6 Qd5 30. Bxb5 Qxd6 31. Rad1 Qf6 32. Bxc6 Rxe1 33. Rxe1 Qxc6 34. Qc2 Rb8 35. Re4 Rxb2 0-1

[Event "Ruhrgebiet Bezirksliga 17/18"]
[Site "Ruhrgebiet"]
[Date "2017.12.17"]
[Round "5.5"]
[White "Leifeld, Jochen"]
[Black "Grasse, Herbert"]
[Result "1-0"]
[WhiteElo "1782"]
[BlackElo "1724"]
[PlyCount "39"]
[EventDate "2017.09.03"]
[EventType "team-tourn"]
[EventRounds "9"]
[EventCountry "GER"]
[SourceTitle "EXT 2022"]
[Source "ChessBase"]
[SourceDate "2021.10.06"]
[SourceVersion "1"]
[SourceVersionDate "2021.10.06"]
[SourceQuality "1"]
[WhiteTeam "Ahlen SV II"]
[BlackTeam "Kamen SV III"]
[WhiteTeamCountry "GER"]
[BlackTeamCountry "GER"]

1. e4 c5 2. Nf3 e6 3. d4 cxd4 4. Nxd4 Bc5 5. Nb3 Bb6 6. Nc3 Nc6 7. Nb5 d5 8. exd5 exd5 9. Bf4 Nge7 10. Nd6+ Kf8 11. Qf3 g6 12. 0-0-0 a6 13. Rxd5 Be6 14. Rd1 Bxb3 15. axb3 Bc7 16. Nxb7 Qb8 17. Bxc7 Qxb7 18. Bd6 Qc8 19. Bc4 Ra7 20. Rhe1 1-0

[Event "Ruhrgebiet Bezirksliga 16/17"]
[Site "Ruhrgebiet"]
[Date "2017.01.08"]
[Round "6.6"]
[White "Hohlwein, Georg"]
[Black "Grasse, Herbert"]
[Result "1-0"]
[WhiteElo "1635"]
[BlackElo "1659"]
[PlyCount "117"]
[EventDate "2016.08.28"]
[EventType "team-tourn"]
[EventRounds "11"]
[EventCountry "GER"]
[SourceTitle "EXT 2022"]
[Source "ChessBase"]
[SourceDate "2021.10.06"]
[SourceVersion "1"]
[SourceVersionDate "2021.10.06"]
[SourceQuality "1"]
[WhiteTeam "Luenen Horstmar SC II"]
[BlackTeam "Kamen SV III"]
[WhiteTeamCountry "GER"]
[BlackTeamCountry "GER"]

1. e4 c5 2. Nc3 e6 3. g3 d5 4. exd5 exd5 5. d4 cxd4 6. Qxd4 Nf6 7. Bg2 Nc6 8. Qd1 d4 9. Qe2+ Be6 10. Ne4 Nxe4 11. Bxe4 Qa5+ 12. Bd2 Bb4 13. Nf3 Rd8 14. a3 Bxd2+ 15. Qxd2 Qxd2+ 16. Nxd2 f5 17. Bxc6+ bxc6 18. 0-0-0 0-0 19. Rhe1 Rfe8 20. Nf3 c5 21. Ne5 Bd5 22. f4 h6 23. Rd2 Rb8 24. Rde2 Be4 25. g4 Rec8 26. gxf5 Bxf5 27. Nc4 Bg6 28. Re7 Re8 29. Rxe8+ Rxe8 30. Rxe8+ Bxe8 31. Nd6 Bd7 32. Ne4 c4 33. Nd6 c3 34. bxc3 dxc3 35. Ne4 Kf7 36. Nxc3 Ke6 37. Kd2 Kf5 38. Ke3 Kg4 39. Nd5 Kh3 40. Ne7 Kxh2 41. c4 h5 42. c5 Kg3 43. c6 Be6 44. c7 Bd7 45. c8Q Bxc8 46. Nxc8 h4 47. Nd6 h3 48. Ne4+ Kg2 49. f5 h2 50. Nf2 Kg3 51. a4 a5 52. Nh1+ Kg2 53. Ke2 Kg1 54. Kf3 Kf1 55. Kg3 Ke2 56. Kxh2 Kf3 57. Ng3 Ke3 58. Kh3 Kd4 59. Kg4 1-0

[Event "Ruhrgebiet Bezirksliga 15/16"]
[Site "Ruhrgebiet"]
[Date "2016.04.03"]
[Round "9.2"]
[White "Grasse, Herbert"]
[Black "Przybela, Josef Franz"]
[Result "1-0"]
[WhiteElo "1713"]
[BlackElo "1660"]
[PlyCount "81"]
[EventDate "2015.08.30"]
[EventType "team-tourn"]
[EventRounds "9"]
[EventCountry "GER"]
[SourceTitle "EXT 2022"]
[Source "ChessBase"]
[SourceDate "2021.10.06"]
[SourceVersion "1"]
[SourceVersionDate "2021.10.06"]
[SourceQuality "1"]
[WhiteTeam "Kamen SV IV"]
[BlackTeam "Hamm Koenigsspringer II"]
[WhiteTeamCountry "GER"]
[BlackTeamCountry "GER"]

1. Nf3 d5 2. g3 Nf6 3. Bg2 e6 4. 0-0 Bd6 5. d3 0-0 6. Re1 c5 7. e4 dxe4 8. dxe4 e5 9. a4 Nc6 10. c3 h6 11. Nbd2 Be6 12. Nh4 Qc7 13. Nf5 Rad8 14. Qf3 Ne7 15. Nxh6+ Kh7 16. Nf5 Nxf5 17. exf5 Bd5 18. Ne4 Nxe4 19. Qh5+ Kg8 20. Bxe4 Qc6 21. Bxd5 Qxd5 22. f6 Qe6 23. fxg7 Kxg7 24. Re4 f5 25. Rh4 Qg6 26. Qxg6+ Kxg6 27. Rh6+ Kg7 28. Bg5 Rf7 29. Bxd8 Kxh6 30. Rd1 Bf8 31. Rd5 e4 32. h4 Kh5 33. Bg5 Kg4 34. Kg2 a6 35. Bf4 c4 36. a5 Rf6 37. Rd7 b6 38. axb6 Rxb6 39. Bc1 Bh6 40. Bxh6 Rxh6 41. Rg7+ 1-0

[Event "Ruhrgebiet Bezirksliga 15/16"]
[Site "Ruhrgebiet"]
[Date "2016.01.10"]
[Round "6.2"]
[White "Beulertz, Stefan"]
[Black "Grasse, Herbert"]
[Result "1-0"]
[WhiteElo "1905"]
[BlackElo "1715"]
[PlyCount "73"]
[EventDate "2015.08.30"]
[EventType "team-tourn"]
[EventRounds "9"]
[EventCountry "GER"]
[SourceTitle "EXT 2022"]
[Source "ChessBase"]
[SourceDate "2021.10.06"]
[SourceVersion "1"]
[SourceVersionDate "2021.10.06"]
[SourceQuality "1"]
[WhiteTeam "Werl SC 1981"]
[BlackTeam "Kamen SV IV"]
[WhiteTeamCountry "GER"]
[BlackTeamCountry "GER"]

1. e4 c5 2. Nf3 e6 3. g3 Nc6 4. Bg2 d5 5. exd5 exd5 6. 0-0 d4 7. d3 Be7 8. Re1 Be6 9. Nbd2 Nf6 10. Nc4 0-0 11. Rxe6 fxe6 12. Ng5 Qc8 13. Bh3 Nd8 14. Qe2 Kh8 15. Bd2 h6 16. Nf3 b5 17. Nce5 Kh7 18. Bg2 Rb8 19. Nh4 Bd6 20. Nhg6 Re8 21. h4 Qc7 22. Re1 Nf7 23. Bf4 Nd5 24. Qe4 Nxf4 25. gxf4 Nxe5 26. fxe5 Kg8 27. exd6 Qxd6 28. Bh3 e5 29. Nxe5 Re7 30. f4 Qf6 31. Rf1 Qxh4 32. Qg2 Qh5 33. Qd5+ Kh7 34. Qe4+ Kg8 35. Bf5 Rxe5 36. Qxe5 Re8 37. Be6+ 1-0

[Event "Ruhrgebiet Bezirksliga 15/16"]
[Site "Ruhrgebiet"]
[Date "2015.10.25"]
[Round "3.2"]
[White "Grasse, Herbert"]
[Black "Medger, Gernot"]
[Result "0-1"]
[WhiteElo "1713"]
[BlackElo "1779"]
[PlyCount "44"]
[EventDate "2015.08.30"]
[EventType "team-tourn"]
[EventRounds "9"]
[EventCountry "GER"]
[SourceTitle "EXT 2022"]
[Source "ChessBase"]
[SourceDate "2021.10.06"]
[SourceVersion "1"]
[SourceVersionDate "2021.10.06"]
[SourceQuality "1"]
[WhiteTeam "Kamen SV IV"]
[BlackTeam "Boenen SV II"]
[WhiteTeamCountry "GER"]
[BlackTeamCountry "GER"]

1. Nf3 d6 2. g3 Nf6 3. Bg2 e5 4. d3 Be7 5. 0-0 0-0 6. e4 h6 7. h3 Be6 8. Be3 Nh7 9. d4 exd4 10. Bxd4 Nc6 11. Bc3 Bf6 12. Bxf6 Qxf6 13. c3 Rad8 14. Nd4 Nxd4 15. cxd4 c5 16. d5 Bd7 17. Qc2 Ng5 18. h4 Nf3+ 19. Kh1 g5 20. Qc3 Qxc3 21. bxc3 Bg4 22. hxg5 hxg5 0-1

[Event "Ruhrgebiet Bezirksliga 15/16"]
[Site "Ruhrgebiet"]
[Date "2015.09.20"]
[Round "2.2"]
[White "Fluegel, Thomas"]
[Black "Grasse, Herbert"]
[Result "1-0"]
[WhiteElo "1797"]
[BlackElo "1713"]
[PlyCount "103"]
[EventDate "2015.08.30"]
[EventType "team-tourn"]
[EventRounds "9"]
[EventCountry "GER"]
[SourceTitle "EXT 2022"]
[Source "ChessBase"]
[SourceDate "2021.10.06"]
[SourceVersion "1"]
[SourceVersionDate "2021.10.06"]
[SourceQuality "1"]
[WhiteTeam "Hamm SVg II"]
[BlackTeam "Kamen SV IV"]
[WhiteTeamCountry "GER"]
[BlackTeamCountry "GER"]

1. d4 d5 2. c4 Nf6 3. cxd5 Nxd5 4. e4 Nb6 5. Nf3 e6 6. Be3 Be7 7. Bd3 0-0 8. 0-0 Nc6 9. Nc3 Nb4 10. Be2 a5 11. a3 Na6 12. Rc1 c6 13. Qb3 Nd7 14. Rfd1 Qc7 15. d5 Nac5 16. Qa2 exd5 17. exd5 Qb8 18. Nd4 cxd5 19. Nxd5 Bd6 20. g3 Be5 21. Nb5 b6 22. Ne7+ Kh8 23. Nc6 Qb7 24. Bf3 Qa6 25. Bxc5 bxc5 26. Nxe5 Nxe5 27. Bxa8 Qxa8 28. Nc7 Nf3+ 29. Kh1 Qc6 30. Qd5 Qxc7 31. Rxc5 Qb7 32. Rxc8 Qxc8 33. Qxf3 Qa8 34. Qxa8 Rxa8 35. b4 axb4 36. axb4 Rb8 37. Kg2 g6 38. Rb1 Kg7 39. Kf3 Kf6 40. Ke4 Ke6 41. b5 Kd6 42. Kd4 Rb6 43. Kc4 Rb8 44. b6 Kc6 45. f4 Rb7 46. Rb5 f5 47. Rc5+ Kd6 48. Kb5 Re7 49. Re5 Rd7 50. Re2 Rb7 51. Rd2+ Ke6 52. Kc6 1-0

[Event "Ruhrgebiet Bezirksliga 15/16"]
[Site "Ruhrgebiet"]
[Date "2015.08.30"]
[Round "1.2"]
[White "Markert, Kurt"]
[Black "Grasse, Herbert"]
[Result "1-0"]
[WhiteElo "1757"]
[BlackElo "1713"]
[PlyCount "83"]
[EventDate "2015.08.30"]
[EventType "team-tourn"]
[EventRounds "9"]
[EventCountry "GER"]
[SourceTitle "EXT 2022"]
[Source "ChessBase"]
[SourceDate "2021.10.06"]
[SourceVersion "1"]
[SourceVersionDate "2021.10.06"]
[SourceQuality "1"]
[WhiteTeam "Kamen SV III"]
[BlackTeam "Kamen SV IV"]
[WhiteTeamCountry "GER"]
[BlackTeamCountry "GER"]

1. e4 c5 2. b4 cxb4 3. a3 Nf6 4. e5 Ng8 5. axb4 Nc6 6. Nf3 Nxb4 7. d4 e6 8. Ba3 Qa5 9. Nbd2 Qc7 10. c4 Be7 11. c5 Nd5 12. Nc4 Nh6 13. Bd3 Nf4 14. Bf1 0-0 15. Bc1 Nd5 16. Bxh6 gxh6 17. Qd2 Kg7 18. Bd3 f5 19. exf6+ Nxf6 20. 0-0 Ng4 21. Nce5 Nxe5 22. Nxe5 d6 23. cxd6 Qxd6 24. Bc2 h5 25. Rad1 b6 26. Qd3 Rf5 27. Qe2 Bb7 28. Bxf5 exf5 29. Qxh5 Qf6 30. Rd3 f4 31. Qe2 Ba6 32. Re1 Bxd3 33. Qxd3 Bd6 34. Nf3 Rd8 35. Qc4 Rd7 36. h3 a5 37. Qc6 Qd8 38. Ng5 Kg6 39. Re6+ Kg7 40. h4 Bb4 41. Qe4 Qg8 42. Qe5+ 1-0

[Event "Dortmund Sparkassen op-B"]
[Site "Dortmund"]
[Date "2015.07.04"]
[Round "8"]
[White "Schicktanz, Florian"]
[Black "Grasse, Herbert"]
[Result "1-0"]
[WhiteElo "1693"]
[BlackElo "1763"]
[PlyCount "83"]
[EventDate "2015.06.27"]
[EventType "swiss"]
[EventRounds "9"]
[EventCountry "GER"]
[SourceTitle "CBM 167 Extra"]
[Source "ChessBase"]
[SourceDate "2015.09.14"]
[SourceVersion "1"]
[SourceVersionDate "2015.09.14"]
[SourceQuality "1"]

1. e4 c5 2. b3 e6 3. Bb2 d6 4. Nf3 Nc6 5. d4 cxd4 6. Nxd4 Nf6 7. Nxc6 bxc6 8. Bd3 e5 9. Qe2 Be6 10. Bc3 Be7 11. Nd2 0-0 12. h3 Rb8 13. a4 Qc7 14. 0-0 Nd7 15. Rfe1 d5 16. Rab1 d4 17. Bb2 Bb4 18. Red1 Nc5 19. Nc4 Nxd3 20. cxd3 Rb7 21. f4 Bxc4 22. bxc4 Rfb8 23. Qc2 c5 24. f5 Qa5 25. Ba1 h6 26. Rf1 Bc3 27. Rb5 Rxb5 28. cxb5 Rc8 29. Bxc3 dxc3 30. Rc1 f6 31. Qb3+ c4 32. dxc4 Kh7 33. Rxc3 Qb6+ 34. Kh2 Qf2 35. Rf3 Qd4 36. Qe3 Qxc4 37. Qxa7 Qxe4 38. Rg3 Rg8 39. b6 Qa8 40. Qxa8 Rxa8 41. b7 Rb8 42. Rb3 1-0

[Event "Dortmund Sparkassen op-B"]
[Site "Dortmund"]
[Date "2015.06.28"]
[Round "2"]
[White "Wortmann, Eric"]
[Black "Grasse, Herbert"]
[Result "1-0"]
[WhiteElo "1579"]
[BlackElo "1763"]
[PlyCount "43"]
[EventDate "2015.06.27"]
[EventType "swiss"]
[EventRounds "9"]
[EventCountry "GER"]
[SourceTitle "CBM 167 Extra"]
[Source "ChessBase"]
[SourceDate "2015.09.14"]
[SourceVersion "1"]
[SourceVersionDate "2015.09.14"]
[SourceQuality "1"]

1. c4 c5 2. g3 Nf6 3. Bg2 d5 4. cxd5 Nxd5 5. Nc3 Nc7 6. Nf3 Nc6 7. 0-0 g6 8. d3 Bg7 9. Ne1 0-0 10. Be3 Nd4 11. Ne4 Nce6 12. Nc2 Rb8 13. Nxd4 cxd4 14. Bd2 h6 15. Qa4 f5 16. Qxa7 Bd7 17. Nc5 Ra8 18. Nxe6 Bxe6 19. Qxb7 Rb8 20. Qc6 Rb6 21. Qc1 Kh7 22. Ba5 1-0

[Event "Dortmund Sparkassen op-B"]
[Site "Dortmund"]
[Date "2015.06.27"]
[Round "1"]
[White "Grasse, Herbert"]
[Black "Hufnagel, Markus"]
[Result "1/2-1/2"]
[WhiteElo "1763"]
[BlackElo "1572"]
[PlyCount "107"]
[EventDate "2015.06.27"]
[EventType "swiss"]
[EventRounds "9"]
[EventCountry "GER"]
[SourceTitle "CBM 167 Extra"]
[Source "ChessBase"]
[SourceDate "2015.09.14"]
[SourceVersion "1"]
[SourceVersionDate "2015.09.14"]
[SourceQuality "1"]

1. Nf3 Nc6 2. g3 Nf6 3. d3 g6 4. e4 d6 5. Bg2 Bg7 6. 0-0 0-0 7. a3 Bd7 8. Nbd2 Qc8 9. Re1 e5 10. c3 Bg4 11. Qc2 Qd7 12. Nc4 Bxf3 13. Bxf3 b5 14. Ne3 h6 15. Bg2 Nh7 16. Qb3 Rab8 17. f4 Kh8 18. f5 Na5 19. Qd1 c5 20. b4 Nc6 21. Rf1 a5 22. Nd5 gxf5 23. Rxf5 axb4 24. axb4 cxb4 25. cxb4 Nd4 26. Rh5 Qe6 27. Be3 Rbd8 28. Ra7 f5 29. Bxd4 exd4 30. exf5 Rxf5 31. Rxf5 Qxf5 32. Be4 Qg5 33. Nf4 Nf6 34. Rxg7 Qxg7 35. Ne6 Qe7 36. Nxd8 Qxd8 37. Qc1 Kg7 38. Qf4 Qe7 39. Kf2 Qe6 40. Bf3 Qe5 41. Qxe5 dxe5 42. Bc6 Kf8 43. Bxb5 Nd5 44. Kf3 Ke7 45. Bc6 Nxb4 46. Be4 Kf6 47. Kg4 Nc2 48. Kh5 Ne3 49. h4 Nf1 50. Kg4 Ne3+ 51. Kf3 Kg7 52. g4 Kf6 53. Bc6 Nd1 54. Be4 1/2-1/2

[Event "Dortmund Sparkassen op-B"]
[Site "Dortmund"]
[Date "2014.07.19"]
[Round "8"]
[White "Grasse, Herbert"]
[Black "Raskin, Vitaly"]
[Result "0-1"]
[WhiteElo "1833"]
[BlackElo "1597"]
[PlyCount "62"]
[EventDate "2014.07.12"]
[EventType "swiss"]
[EventRounds "9"]
[EventCountry "GER"]
[SourceTitle "EXT 2022"]
[Source "ChessBase"]
[SourceDate "2021.10.06"]
[SourceVersion "1"]
[SourceVersionDate "2021.10.06"]
[SourceQuality "1"]

1. Nf3 Nc6 2. g3 g6 3. Bg2 Bg7 4. 0-0 d5 5. d3 Nf6 6. c3 0-0 7. Nbd2 a5 8. a4 e5 9. e4 dxe4 10. dxe4 Bg4 11. h3 Be6 12. Ng5 Bd7 13. Nc4 Qc8 14. f4 h6 15. fxe5 Nh5 16. g4 hxg5 17. gxh5 Bxh3 18. Bxg5 Bxg2 19. Kxg2 Qe6 20. Qe2 Nxe5 21. h6 Bh8 22. h7+ Kxh7 23. Rh1+ Kg8 24. Rxh8+ Kxh8 25. Nxe5 Qxe5 26. Qg4 Kg7 27. Rh1 Rh8 28. Bf4 Qxe4+ 29. Kg3 Qd3+ 30. Kg2 Qd5+ 31. Kg3 Rxh1 0-1

[Event "Dortmund Sparkassen op-B"]
[Site "Dortmund"]
[Date "2014.07.17"]
[Round "6"]
[White "Grasse, Herbert"]
[Black "Gegner, Michael"]
[Result "1-0"]
[WhiteElo "1833"]
[BlackElo "1457"]
[PlyCount "85"]
[EventDate "2014.07.12"]
[EventType "swiss"]
[EventRounds "9"]
[EventCountry "GER"]
[SourceTitle "EXT 2022"]
[Source "ChessBase"]
[SourceDate "2021.10.06"]
[SourceVersion "1"]
[SourceVersionDate "2021.10.06"]
[SourceQuality "1"]

1. Nf3 h6 2. g3 g5 3. h3 d5 4. Bg2 Bg7 5. 0-0 e5 6. d3 f5 7. c4 c6 8. Qc2 Ne7 9. Bd2 Ng6 10. Na3 g4 11. hxg4 fxg4 12. Ne1 h5 13. cxd5 cxd5 14. Qc5 Be6 15. Nb5 Na6 16. Qd6 Qxd6 17. Nxd6+ Kd7 18. Nb5 h4 19. Rc1 h3 20. Bh1 Bh6 21. e3 Ne7 22. Nc2 Bf5 23. Nb4 Nxb4 24. Rc7+ Ke6 25. Bxb4 Nc6 26. Bxd5+ Kxd5 27. e4+ Bxe4 28. dxe4+ Kxe4 29. Re1+ Kf5 30. Bc3 Rad8 31. Re2 Rd1+ 32. Kh2 a6 33. Na3 Nd4 34. Bxd4 exd4 35. Rce7 Rc8 36. Nc2 Rc5 37. Rd7 d3 38. Nd4+ Kg5 39. Re6 d2 40. f4+ Kh5 41. Nb3 Re1 42. Nxc5 Bxf4 43. gxf4 1-0

[Event "NRW Verbandsklasse Group3 1314"]
[Site "Nordrheinwestfalen"]
[Date "2013.11.03"]
[Round "3.7"]
[White "Grasse, Herbert"]
[Black "Raskin, Vitaly"]
[Result "1-0"]
[WhiteElo "1638"]
[BlackElo "1589"]
[PlyCount "81"]
[EventDate "2013.09.08"]
[EventType "team-tourn"]
[EventRounds "9"]
[EventCountry "GER"]
[SourceTitle "EXT 2020"]
[Source "ChessBase"]
[SourceDate "2019.10.17"]
[SourceVersion "1"]
[SourceVersionDate "2019.10.17"]
[SourceQuality "1"]
[WhiteTeam "Kamen SV II"]
[BlackTeam "Dortmund FS 98 II"]
[WhiteTeamCountry "GER"]
[BlackTeamCountry "GER"]

1. Nf3 d5 2. g3 Nc6 3. d3 e5 4. Nbd2 Nf6 5. e4 dxe4 6. dxe4 Bg4 7. h3 Bh5 8. Bg2 Qd7 9. c3 0-0-0 10. Qc2 Bg6 11. Nh4 Bc5 12. 0-0 Nh5 13. Kh2 Qe7 14. b4 Bb6 15. Nc4 Nf4 16. Nxg6 Nxg6 17. a4 a5 18. Nxb6+ cxb6 19. b5 Na7 20. Be3 Qc7 21. c4 Kb8 22. Rac1 Nc8 23. Qe2 h5 24. c5 bxc5 25. Rxc5 Qd6 26. Qa2 Qe7 27. b6 Nxb6 28. Rb1 Rd6 29. Rcb5 Nc8 30. Rxb7+ Qxb7 31. Rxb7+ Kxb7 32. Qxf7+ Kb8 33. f4 Rhd8 34. fxe5 R8d7 35. Qf5 Rd3 36. e6 Nge7 37. Bf4+ Kb7 38. Qb5+ Nb6 39. exd7 Rxd7 40. e5+ Ka7 41. Be3 1-0

[Event "Dortmund Sparkassen op-B"]
[Site "Dortmund"]
[Date "2013.08.03"]
[Round "8"]
[White "Stratmann, Lars"]
[Black "Grasse, Herbert"]
[Result "1/2-1/2"]
[WhiteElo "1519"]
[BlackElo "1822"]
[PlyCount "47"]
[EventDate "2013.07.27"]
[EventType "swiss"]
[EventRounds "9"]
[EventCountry "GER"]
[SourceTitle "EXT 2022"]
[Source "ChessBase"]
[SourceDate "2021.10.06"]
[SourceVersion "1"]
[SourceVersionDate "2021.10.06"]
[SourceQuality "1"]

1. c4 f5 2. g3 Nf6 3. Nf3 g6 4. Bg2 Bg7 5. 0-0 0-0 6. Nc3 d6 7. d4 Qe8 8. Qb3 e5 9. dxe5 dxe5 10. e4 fxe4 11. Ng5 h6 12. Ngxe4 Na6 13. Nxf6+ Rxf6 14. Be3 c6 15. Ne4 Rf8 16. Nd6 Qe6 17. Nxb7 Rb8 18. Nc5 Qe7 19. Qa3 Nb4 20. Rac1 Rf7 21. Ne4 Bf8 22. Bc5 Qc7 23. Bxf8 Kxf8 24. Rfd1 1/2-1/2

[Event "Dortmund Sparkassen op-B"]
[Site "Dortmund"]
[Date "2013.08.02"]
[Round "7"]
[White "Grasse, Herbert"]
[Black "Redlich, Kolja"]
[Result "1-0"]
[WhiteElo "1822"]
[BlackElo "1375"]
[PlyCount "53"]
[EventDate "2013.07.27"]
[EventType "swiss"]
[EventRounds "9"]
[EventCountry "GER"]
[SourceTitle "EXT 2022"]
[Source "ChessBase"]
[SourceDate "2021.10.06"]
[SourceVersion "1"]
[SourceVersionDate "2021.10.06"]
[SourceQuality "1"]

1. e4 e5 2. Nf3 Nc6 3. d4 exd4 4. Bc4 Nf6 5. e5 Qe7 6. 0-0 Ng4 7. Re1 Qc5 8. Bxf7+ Kxf7 9. Ng5+ Kg8 10. Qxg4 h6 11. Nf3 Qxc2 12. Nxd4 Nxd4 13. Qxd4 Bc5 14. Qd2 Qxd2 15. Bxd2 Bd4 16. Bc3 Bxc3 17. Nxc3 c6 18. Ne4 Kf7 19. Nd6+ Ke6 20. f4 g6 21. g4 Rg8 22. Rad1 b6 23. Kf2 Ba6 24. f5+ Ke7 25. e6 Raf8 26. exd7+ Kxd7 27. Nb5+ 1-0

[Event "Dortmund Sparkassen op-B"]
[Site "Dortmund"]
[Date "2013.08.01"]
[Round "6"]
[White "Grunwald, Guenther"]
[Black "Grasse, Herbert"]
[Result "1-0"]
[WhiteElo "1696"]
[BlackElo "1822"]
[PlyCount "91"]
[EventDate "2013.07.27"]
[EventType "swiss"]
[EventRounds "9"]
[EventCountry "GER"]
[SourceTitle "EXT 2022"]
[Source "ChessBase"]
[SourceDate "2021.10.06"]
[SourceVersion "1"]
[SourceVersionDate "2021.10.06"]
[SourceQuality "1"]

1. e4 c5 2. c3 d5 3. exd5 Qxd5 4. d4 Nc6 5. Nf3 Bg4 6. Be2 Rd8 7. Be3 e5 8. dxe5 Qe6 9. Nbd2 Bxf3 10. Bxf3 Nxe5 11. Qa4+ Rd7 12. 0-0 b6 13. Be4 Nf6 14. Bf3 Bd6 15. Be2 0-0 16. Bb5 Rc7 17. Nc4 Nxc4 18. Qxc4 Qe5 19. g3 Qh5 20. h4 Qf5 21. Qd3 Qh3 22. Qxd6 Ng4 23. Rfd1 Qh2+ 24. Kf1 Nxe3+ 25. fxe3 Qh1+ 26. Ke2 Qg2+ 27. Ke1 Rcc8 28. Qf4 Qg1+ 29. Ke2 Qg2+ 30. Qf2 Qe4 31. Bd3 Qe7 32. Qf5 g6 33. Qe4 Qf6 34. Rf1 Qg7 35. Bc4 Rce8 36. Bxf7+ Qxf7 37. Rxf7 Rxe4 38. Rxf8+ Kxf8 39. Kf3 Re5 40. e4 Kf7 41. Rd1 Ke6 42. Rd8 Ke7 43. Ra8 h5 44. Rxa7+ Kf6 45. Ra6 Re6 46. a4 1-0

[Event "Dortmund Sparkassen op-B"]
[Site "Dortmund"]
[Date "2012.07.21"]
[Round "8"]
[White "Grasse, Herbert"]
[Black "Kartsev, Nikolaj"]
[Result "1/2-1/2"]
[WhiteElo "1657"]
[BlackElo "1329"]
[PlyCount "76"]
[EventDate "2012.07.14"]
[EventType "swiss"]
[EventRounds "9"]
[EventCountry "GER"]
[SourceTitle "EXT 2014"]
[Source "ChessBase"]
[SourceDate "2013.11.20"]
[SourceVersion "1"]
[SourceVersionDate "2013.11.20"]
[SourceQuality "1"]

1. Nf3 Nf6 2. g3 g6 3. Bg2 Bg7 4. 0-0 0-0 5. d3 d6 6. e4 e5 7. Nbd2 Be6 8. Re1 Nbd7 9. Rb1 Bxa2 10. Ra1 Be6 11. b4 c5 12. Ba3 b5 13. Qb1 Qb6 14. Ng5 Ne8 15. Nxe6 fxe6 16. Qa2 Nc7 17. Re2 a5 18. bxc5 dxc5 19. Rf1 b4 20. Nc4 Qa7 21. Bb2 a4 22. Qa1 a3 23. Bc1 Nb5 24. Be3 Nc3 25. Rd2 a2 26. Kh1 Rfb8 27. Bh3 Qa6 28. Nb2 b3 29. Rc1 Nb1 30. Rdd1 Bf8 31. cxb3 Rxb3 32. Rc2 Nc3 33. Rdc1 Nb1 34. Bf1 Qa5 35. Nc4 Qa6 36. f4 exf4 37. gxf4 Bg7 38. e5 Ra7 1/2-1/2

[Event "Dortmund Sparkassen op-B"]
[Site "Dortmund"]
[Date "2012.07.14"]
[Round "1"]
[White "Schrimpl, Michael"]
[Black "Grasse, Herbert"]
[Result "0-1"]
[WhiteElo "1415"]
[BlackElo "1657"]
[PlyCount "54"]
[EventDate "2012.07.14"]
[EventType "swiss"]
[EventRounds "9"]
[EventCountry "GER"]
[SourceTitle "EXT 2014"]
[Source "ChessBase"]
[SourceDate "2013.11.20"]
[SourceVersion "1"]
[SourceVersionDate "2013.11.20"]
[SourceQuality "1"]

1. c4 f5 2. d4 Nf6 3. Nc3 Nc6 4. g3 d6 5. Bg2 Bd7 6. Nf3 e5 7. dxe5 dxe5 8. 0-0 e4 9. Nd4 Bd6 10. a3 0-0 11. b4 Be5 12. Nxc6 Bxc6 13. Bb2 Qe8 14. e3 Rd8 15. Qe2 Rd3 16. Rac1 Qf7 17. b5 Bxc3 18. Bxc3 Bd7 19. Bb4 Rd8 20. Rfd1 Be6 21. Rxd3 exd3 22. Qb2 Ne4 23. f3 Nd6 24. Bxd6 Rxd6 25. c5 Rd8 26. Qc3 Bb3 27. f4 d2 0-1